[Event "Berlin-ch Seniors op 39th"]
[Site "Berlin"]
[Date "2023.01.31"]
[Round "8"]
[White "Grillich, Alexander"]
[Black "Badestein, Hartmut"]
[Result "1-0"]
[WhiteElo "1894"]
[BlackElo "1986"]
[PlyCount "49"]
[EventDate "2023.01.24"]
[EventType "swiss"]
[EventRounds "9"]
[EventCountry "GER"]
[SourceTitle "CBM 212 Extra"]
[Source "ChessBase"]
[SourceDate "2023.03.31"]
[SourceVersion "1"]
[SourceVersionDate "2023.03.31"]
[SourceQuality "1"]

1. e4 c5 2. Nf3 Nc6 3. Bb5 g6 4. Bxc6 bxc6 5. e5 Bg7 6. 0-0 Nh6 7. Nc3 0-0 8. Re1 d6 9. exd6 exd6 10. d3 Rb8 11. Ne4 Nf5 12. c3 h6 13. Re2 Kh7 14. Bf4 Rb7 15. h3 Be6 16. g4 Nh4 17. Nxh4 Qxh4 18. Nxd6 Qxh3 19. Re3 Qh4 20. Nxb7 Bxg4 21. Bg3 Qh5 22. f3 Bh3 23. Qe2 f5 24. f4 Bg4 25. Qh2 1-0

[Event "Berlin Werner Ott op"]
[Site "Berlin"]
[Date "2022.07.13"]
[Round "5"]
[White "Grillich, Alexander"]
[Black "Schliebener, Stephan"]
[Result "0-1"]
[WhiteElo "1931"]
[BlackElo "2107"]
[PlyCount "98"]
[EventDate "2022.07.09"]
[EventType "swiss"]
[EventRounds "9"]
[EventCountry "GER"]
[SourceTitle "CBM 209 Extra"]
[Source "ChessBase"]
[SourceDate "2022.09.30"]
[SourceVersion "1"]
[SourceVersionDate "2022.09.30"]
[SourceQuality "1"]

1. e4 c5 2. Nf3 e6 3. d4 cxd4 4. Nxd4 a6 5. Nc3 b5 6. g3 Bb7 7. Bg2 d6 8. 0-0 Nf6 9. Re1 g6 10. Bg5 Nbd7 11. e5 Bxg2 12. Bxf6 Nxf6 13. Kxg2 dxe5 14. Rxe5 Bg7 15. Re1 0-0 16. Nf3 Qc7 17. Re2 Qc6 18. Rd2 Ng4 19. Rd6 Qb7 20. Rd7 Qb6 21. Qe2 b4 22. Ne4 Bxb2 23. Rad1 Nf6 24. Nxf6+ Bxf6 25. Ne5 Bxe5 26. Qxe5 Qc6+ 27. Kg1 Qxc2 28. R1d2 Qc3 29. Qa5 Rfc8 30. Qg5 a5 31. Qf4 Qg7 32. h4 h6 33. Kh2 g5 34. Qf3 a4 35. hxg5 hxg5 36. Rb7 g4 37. Qd1 Rab8 38. Rxb8 Rxb8 39. Rd4 f5 40. Rd7 Qh6+ 41. Kg2 b3 42. axb3 axb3 43. Rd8+ Rxd8 44. Qxd8+ Qf8 45. Qb6 Qa8+ 46. Kh2 Qd5 47. Qb8+ Kf7 48. Qc7+ Ke8 49. Qb8+ Kd7 0-1

[Event "Berlin Lichtenrade op 15th"]
[Site "Berlin"]
[Date "2019.10.14"]
[Round "3"]
[White "Grillich, Alexander"]
[Black "Budt, Matthias"]
[Result "0-1"]
[WhiteElo "1924"]
[BlackElo "2188"]
[PlyCount "82"]
[EventDate "2019.10.12"]
[EventType "swiss"]
[EventRounds "9"]
[EventCountry "GER"]
[SourceTitle "CBM 195 Extra"]
[Source "ChessBase"]
[SourceDate "2020.05.31"]
[SourceVersion "1"]
[SourceVersionDate "2020.05.31"]
[SourceQuality "1"]

1. e4 c6 2. d3 d5 3. Nd2 e5 4. Ngf3 Bd6 5. g3 Nd7 6. Bg2 Ne7 7. a4 a5 8. 0-0 0-0 9. Re1 Qc7 10. c3 f5 11. exf5 Nxf5 12. c4 Kh8 13. cxd5 cxd5 14. Nf1 Nf6 15. Ne3 Ne7 16. Bd2 Qb6 17. Bc3 Nc6 18. d4 e4 19. Ne5 Be6 20. g4 Rad8 21. g5 Nd7 22. N3g4 Ndxe5 23. Nxe5 Bxe5 24. dxe5 Qxf2+ 25. Kh1 d4 26. Rf1 Qh4 27. Rxf8+ Rxf8 28. Qe1 Qxg5 29. Bxa5 Qxe5 30. Bb4 Rf4 31. Rc1 h6 32. Rc5 Bd5 33. Bd2 Rg4 34. Qf1 Rh4 35. Qf8+ Kh7 36. h3 Qe6 37. Be1 Rh5 38. Bg3 e3 39. Kh2 Rf5 40. Qa8 Bxg2 41. Rxf5 Qxf5 0-1

[Event "Berlin-ch QT"]
[Site "Berlin"]
[Date "2019.04.23"]
[Round "4"]
[White "Segerberg, Tomas Olof"]
[Black "Grillich, Alexander"]
[Result "1/2-1/2"]
[WhiteElo "2008"]
[BlackElo "1932"]
[PlyCount "72"]
[EventDate "2019.04.20"]
[EventType "swiss"]
[EventRounds "9"]
[EventCountry "GER"]
[SourceTitle "EXT 2020"]
[Source "ChessBase"]
[SourceDate "2019.10.17"]
[SourceVersion "1"]
[SourceVersionDate "2019.10.17"]
[SourceQuality "1"]

1. b3 d6 2. Bb2 e5 3. e3 Nf6 4. d4 Nbd7 5. dxe5 dxe5 6. Nf3 Bb4+ 7. c3 Be7 8. Nbd2 0-0 9. Qc2 Re8 10. Rd1 c6 11. Bd3 Qc7 12. 0-0 Nc5 13. Bf5 Bxf5 14. Qxf5 e4 15. Nd4 Bd6 16. Qh3 Rad8 17. b4 Na4 18. Ba1 c5 19. Nb5 Qb8 20. bxc5 Nxc5 21. c4 Be5 22. Bxe5 Rxe5 23. Nb3 a6 24. Rxd8+ Qxd8 25. N5d4 h6 26. g3 Nd3 27. Qg2 Qc7 28. f4 exf3 29. Qxf3 Qxc4 30. Qxb7 Rxe3 31. Nf5 Re1 32. Rxe1 Nxe1 33. Nd6 Qd5 34. Qxd5 Nxd5 35. Nc5 Nc3 36. Nxa6 Nxa2 1/2-1/2

[Event "Berlin Lichtenberger op 17th"]
[Site "Berlin"]
[Date "2018.08.18"]
[Round "1"]
[White "Koerber, Bernhard"]
[Black "Grillich, Alexander"]
[Result "0-1"]
[WhiteElo "1552"]
[BlackElo "1941"]
[PlyCount "102"]
[EventDate "2018.08.18"]
[EventType "swiss"]
[EventRounds "9"]
[EventCountry "GER"]
[SourceTitle "CBM 186 Extra"]
[Source "ChessBase"]
[SourceDate "2018.08.24"]
[SourceVersion "1"]
[SourceVersionDate "2018.08.24"]
[SourceQuality "1"]

1. e4 c5 2. Nc3 Nc6 3. f4 d6 4. Nf3 g6 5. Bb5 Bd7 6. d3 Bg7 7. Be3 e6 8. 0-0 Nge7 9. d4 cxd4 10. Nxd4 0-0 11. Qd2 a6 12. Ba4 Qc7 13. Nf3 Rfd8 14. Rab1 b5 15. Bb3 Be8 16. Qf2 Rab8 17. Ne2 Na5 18. Ned4 Nc4 19. Bxc4 bxc4 20. c3 Nc6 21. Ng5 Nxd4 22. Bxd4 Bxd4 23. Qxd4 Qb6 24. Qxb6 Rxb6 25. Nf3 Bc6 26. Nd2 d5 27. exd5 Bxd5 28. Rfd1 Rdb8 29. b4 cxb3 30. Nxb3 Bxb3 31. Rxb3 Rxb3 32. axb3 Rxb3 33. Rd8+ Kg7 34. Ra8 Rxc3 35. Rxa6 Rc4 36. g3 Rc2 37. Ra5 Rd2 38. Re5 Kf6 39. Re1 h5 40. Rf1 Kf5 41. Rf2 Rxf2 42. Kxf2 g5 43. Kf3 g4+ 44. Ke3 f6 45. Kd4 e5+ 46. fxe5 fxe5+ 47. Ke3 Kf6 48. Kd3 Ke7 49. Ke3 Kd6 50. Ke4 Ke6 51. Ke3 Kd5 0-1

[Event "Berlin-ch QT"]
[Site "Berlin"]
[Date "2018.04.06"]
[Round "7"]
[White "Koerlin, Hans Juergen"]
[Black "Grillich, Alexander"]
[Result "0-1"]
[WhiteElo "1860"]
[BlackElo "1913"]
[PlyCount "80"]
[EventDate "2018.03.31"]
[EventType "swiss"]
[EventRounds "9"]
[EventCountry "GER"]
[SourceTitle "EXT 2020"]
[Source "ChessBase"]
[SourceDate "2019.10.17"]
[SourceVersion "1"]
[SourceVersionDate "2019.10.17"]
[SourceQuality "1"]

1. e4 d5 2. exd5 Qxd5 3. d4 Nf6 4. c4 Qd8 5. Nf3 Bg4 6. Be2 e6 7. 0-0 Be7 8. h3 Bh5 9. Qb3 Qc8 10. Nc3 0-0 11. Bf4 Bd6 12. Bg5 Nbd7 13. Rac1 h6 14. Be3 c5 15. d5 exd5 16. cxd5 a6 17. a4 Ne5 18. Qd1 Bxf3 19. Bxf3 Nc4 20. Qb3 Nxe3 21. fxe3 Qe8 22. Ne2 b5 23. axb5 axb5 24. Rce1 c4 25. Qc3 Ne4 26. Bxe4 Qxe4 27. Qd4 Rfe8 28. Qxe4 Rxe4 29. Nc3 Re5 30. e4 b4 31. Nb5 Bc5+ 32. Kh2 Rb8 33. Nc7 Bd6 34. Na6 Rb6 35. Ra1 Rxe4+ 36. Kg1 c3 37. bxc3 bxc3 38. Rfc1 Rc4 39. Kf2 Bf4 40. Ke2 Bxc1 0-1

[Event "Marianske Lazne op 11th"]
[Site "Marianske Lazne"]
[Date "2012.01.26"]
[Round "7"]
[White "Kosek, Lubomir"]
[Black "Grillich, Alexander"]
[Result "1-0"]
[WhiteElo "1795"]
[BlackElo "1960"]
[PlyCount "101"]
[EventDate "2012.01.21"]
[EventType "swiss"]
[EventRounds "9"]
[EventCountry "CZE"]
[SourceTitle "CBM 146 Extra"]
[Source "ChessBase"]
[SourceDate "2012.02.29"]
[SourceVersion "1"]
[SourceVersionDate "2012.02.29"]
[SourceQuality "1"]

1. e4 c5 2. Nf3 e6 3. d4 cxd4 4. Nxd4 a6 5. Be3 Nc6 6. Nc3 d6 7. Qd2 Nf6 8. f3 Be7 9. g4 Nxd4 10. Bxd4 e5 11. Be3 Be6 12. h4 Rc8 13. h5 Qc7 14. 0-0-0 b5 15. Kb1 h6 16. Bd3 d5 17. exd5 Nxd5 18. Nxd5 Bxd5 19. Bxb5+ axb5 20. Qxd5 0-0 21. c3 b4 22. Rc1 Rfd8 23. Qe4 bxc3 24. Rxc3 Qb6 25. Rhc1 Rxc3 26. Rxc3 Qd6 27. Qc2 Qa6 28. Rc4 Qb7 29. Qe4 Qb5 30. a4 Qa5 31. Bc1 Bg5 32. Bxg5 hxg5 33. Qc2 Qa6 34. b4 Qa8 35. Rc3 Re8 36. b5 e4 37. fxe4 Qxe4 38. Qxe4 Rxe4 39. Rb3 Rxa4 40. b6 Ra8 41. Kc2 Kf8 42. Rb5 f6 43. Kd3 Rb8 44. b7 Ke7 45. Ke4 Ke6 46. Rb6+ Ke7 47. Kf5 Kf7 48. Rb4 Kg8 49. Kg6 Kf8 50. Rb6 Kg8 51. Rc6 1-0

[Event "Berlin Lichtenberger op 7th"]
[Site "Berlin"]
[Date "2008.08.22"]
[Round "7"]
[White "Bandsom, Olaf"]
[Black "Grillich, Alexander"]
[Result "1-0"]
[WhiteElo "1774"]
[BlackElo "2032"]
[PlyCount "79"]
[EventDate "2008.08.16"]
[EventType "swiss"]
[EventRounds "9"]
[EventCountry "GER"]
[SourceTitle "CBM 126 Extra"]
[Source "ChessBase"]
[SourceDate "2008.11.05"]
[SourceVersion "1"]
[SourceVersionDate "2008.11.05"]
[SourceQuality "1"]

1. e4 c5 2. Nf3 e6 3. d4 cxd4 4. Nxd4 Nc6 5. Nb5 d6 6. Bf4 e5 7. Be3 a6 8. N5c3 Nf6 9. Bc4 Be7 10. 0-0 0-0 11. a4 Ng4 12. Qd2 Nb4 13. Nd5 Nxd5 14. Bxd5 Nxe3 15. Qxe3 Qc7 16. Qb3 Rb8 17. Nc3 Bg5 18. Rad1 Kh8 19. h3 f5 20. exf5 Bxf5 21. Be4 Be7 22. Nd5 Qd7 23. Bxf5 Rxf5 24. Nxe7 Qxe7 25. Qd5 Rf6 26. c4 h6 27. Rd2 Rc8 28. b3 Rc5 29. Qd3 e4 30. Qe3 b5 31. axb5 axb5 32. cxb5 Rxb5 33. Rfd1 Qb7 34. Rxd6 Rxd6 35. Rxd6 Rxb3 36. Rd8+ Kh7 37. Qf4 Rd3 38. Re8 Rd7 39. Qf5+ g6 40. Qf8 1-0

[Event "Berlin Lichtenberger op 7th"]
[Site "Berlin"]
[Date "2008.08.16"]
[Round "1"]
[White "Rabiega, Robert"]
[Black "Grillich, Alexander"]
[Result "1-0"]
[WhiteElo "2552"]
[BlackElo "2032"]
[PlyCount "61"]
[EventDate "2008.08.16"]
[EventType "swiss"]
[EventRounds "9"]
[EventCountry "GER"]
[SourceTitle "CBM 126 Extra"]
[Source "ChessBase"]
[SourceDate "2008.11.05"]
[SourceVersion "1"]
[SourceVersionDate "2008.11.05"]
[SourceQuality "1"]

1. e4 c5 2. c3 Nf6 3. e5 Nd5 4. Nf3 d6 5. d4 e6 6. c4 Nb6 7. dxc5 dxc5 8. Qxd8+ Kxd8 9. Nc3 Be7 10. Bf4 Nc6 11. 0-0-0+ Ke8 12. Nb5 Kf8 13. Nd6 h6 14. h4 Bxd6 15. Rxd6 Ke7 16. Be2 Rd8 17. Be3 Nd7 18. Rhd1 a5 19. g4 Ra6 20. h5 Rg8 21. R6d2 b6 22. Bf4 Ra7 23. Rg1 Ndb8 24. g5 hxg5 25. Bxg5+ Kf8 26. h6 Rd7 27. hxg7+ Ke8 28. Bf6 Rxd2 29. Kxd2 Ne7 30. Rh1 Ng6 31. Bd3 1-0

[Event "Berlin Lichtenberger Sommer 2nd"]
[Site "Berlin"]
[Date "2003.08.22"]
[Round "7.20"]
[White "Grillich, Alexander"]
[Black "Schmidt, Peter"]
[Result "0-1"]
[WhiteElo "1885"]
[BlackElo "2061"]
[PlyCount "68"]
[EventDate "2003.08.16"]
[EventType "swiss"]
[EventRounds "9"]
[EventCountry "GER"]
[SourceTitle "EXT 2022"]
[Source "ChessBase"]
[SourceDate "2021.10.06"]
[SourceVersion "1"]
[SourceVersionDate "2021.10.06"]
[SourceQuality "1"]

1. e4 g6 2. d4 Bg7 3. Nc3 d6 4. Be3 a6 5. h3 b5 6. Nf3 Bb7 7. Bd3 Nd7 8. 0-0 b4 9. Ne2 Ngf6 10. Ng3 0-0 11. Qd2 c5 12. c3 bxc3 13. bxc3 Qa5 14. Rab1 Rab8 15. Rfc1 Rfc8 16. Qe2 Nb6 17. Nd2 Nfd7 18. Nb3 Qa3 19. dxc5 dxc5 20. Nxc5 Rxc5 21. Bxc5 Qxc5 22. Bxa6 Bxa6 23. Qxa6 Ra8 24. Qe2 Nc4 25. Rb7 Ndb6 26. Rb1 Qc6 27. R7xb6 Nxb6 28. e5 Nd5 29. Qe4 Rc8 30. Ne2 Nxc3 31. Nxc3 Qxc3 32. e6 f5 33. Qb7 Be5 34. g3 Rb8 0-1